000 01052cam a2200349 4500
008 090401t1995 xxu||||| |||| 00| 0 eng d
020 _a1860810063
035 _a(Sirsi) u58224
041 _aeng
050 _a697.9
100 _aPrior, Josephine J.
245 _aEnvironmental standard: homes for a greener world.
260 _aGarston, Watford
_bBuilding Research Establishment
_c1995
300 _av,33p. : ill. ; 30cm.
350 _a15
490 _aBRE Building Renewal
_v278
490 _aBuilding
_v278 Research Establishment Report
520 _aReplaces Version 3 of BREEAM covering new homes.
650 _aBREEAM
650 _aENVIRONMENTAL ASSESSMENTS
650 _aENVIRONMENTAL STANDARDS
650 _aGLOBAL ENVIRONMENT
650 _aHOMES FOR A GREENER WORLD
650 _aHOUSING
650 _aINDOOR ENVIRONMENT
650 _aNEW HOMES
690 _aENVIRONMENTAL AND LAND CONSULTANCY
700 _aBartlett, Paul B.
710 _aBuilding Research Establishment
942 _n0
948 _c04/03/1997
999 _c94042
_d94042